[Event "Ilyumzhinov Cup"]
[Site "Internet"]
[Date "2006.05.06"]
[Round "?"]
[White "Kosteniuk, Alexandra"]
[Black "Iturrizaga Bonelli, Eduardo"]
[Result "1/2-1/2"]
[WhiteElo "2540"]
[BlackElo "2232"]
[PlyCount "130"]
[EventDate "2006.05.06"]
[EventType "swiss"]
[EventRounds "13"]
[EventCountry "RUS"]
[SourceTitle "CBM 112 Extra"]
[Source "ChessBase"]
[SourceDate "2006.07.14"]
[SourceVersion "1"]
[SourceVersionDate "2006.07.14"]
[SourceQuality "1"]

1. e4 c5 2. Nf3 Nc6 3. d4 cxd4 4. Nxd4 g6 5. Be3 Bg7 6. Nc3 Nf6 7. Nxc6 bxc6 8.
e5 Ng8 9. f4 Nh6 10. Bd3 d5 11. exd6 exd6 12. Qf3 O-O 13. O-O d5 14. Bc5 Re8
15. Rae1 Be6 16. a3 Rb8 17. Nd1 Qa5 18. Bb4 Qb6+ 19. Kh1 c5 20. Bc3 d4 21. Bd2
c4 22. Be4 Bg4 23. Qf2 Bxd1 24. f5 Rxe4 25. Rxe4 Bxc2 26. Rf4 Nxf5 27. Bb4 a5
28. Qxc2 axb4 29. Qxc4 bxa3 30. bxa3 Qb5 31. Qxb5 Rxb5 32. g4 Ne3 33. Re1 Rb2
34. Re4 Ra2 35. a4 Bf6 36. g5 Bxg5 37. Rxd4 Nf5 38. Rc4 Be3 39. Rd1 Kg7 40. Rd7
h5 41. Rcc7 Rxa4 42. Rxf7+ Kh6 43. Rfd7 Ra1+ 44. Kg2 Ra2+ 45. Kf3 Rf2+ 46. Ke4
Rxh2 47. Rh7+ Kg5 48. Rc6 Bd4 49. Kd5 Rd2 50. Ke6 Bf6 51. Kf7 Rd7+ 52. Kg8 Ne7+
53. Rxe7 Rxe7 54. Rc5+ Re5 55. Rc6 h4 56. Rc3 Re8+ 57. Kf7 Bxc3 58. Kxe8 h3 59.
Kd7 h2 60. Ke6 h1=Q 61. Kf7 Qb7+ 62. Ke6 Qc6+ 63. Ke7 Qc7+ 64. Ke6 Bf6 65. Kd5
Kf5 1/2-1/2

[Event "Ilyumzhinov Cup"]
[Site "Internet"]
[Date "2006.05.06"]
[Round "?"]
[White "Kosteniuk, Alexandra"]
[Black "Kryakvin, Dmitry"]
[Result "1/2-1/2"]
[WhiteElo "2540"]
[BlackElo "2472"]
[PlyCount "126"]
[EventDate "2006.05.06"]
[EventType "swiss"]
[EventRounds "13"]
[EventCountry "RUS"]
[SourceTitle "CBM 112 Extra"]
[Source "ChessBase"]
[SourceDate "2006.07.14"]
[SourceVersion "1"]
[SourceVersionDate "2006.07.14"]
[SourceQuality "1"]

1. e4 c5 2. Nf3 d6 3. d4 cxd4 4. Nxd4 Nf6 5. Nc3 Nc6 6. Bg5 e6 7. Qd2 Be7 8.
O-O-O O-O 9. f4 h6 10. h4 e5 11. Nf3 Bg4 12. Kb1 exf4 13. Bxf4 Re8 14. Bd3 Rc8
15. Rdf1 Bxf3 16. gxf3 Ne5 17. Bxh6 gxh6 18. Qxh6 Bf8 19. Rhg1+ Ng6 20. Qd2 Qa5
21. f4 Rxc3 22. Qxc3 Qxc3 23. bxc3 Kh8 24. e5 dxe5 25. Bxg6 fxg6 26. Rxg6 Ne4
27. Kb2 Nd2 28. Rf2 Nc4+ 29. Kb3 Na5+ 30. Kb2 e4 31. Rfg2 e3 32. R6g5 Bh6 33.
Rxa5 e2 34. Rxe2 Rxe2 35. Rxa7 Re7 36. Ra5 Bxf4 37. Rf5 Bh6 38. a4 Kg7 39. Kb3
Kg6 40. Rb5 Bg7 41. a5 Rc7 42. Rb6+ Kf5 43. a6 Rxc3+ 44. Kb4 bxa6 45. Rxa6 Rxc2
46. Ra7 Be5 47. Kb3 Rb2+ 48. Kc4 Rh2 49. Kd5 Rd2+ 50. Kc6 Ke4 51. Ra4+ Kf5 52.
Rc4 Rh2 53. Kd5 Bf4 54. Rc5 Kg4 55. Kc6 Rxh4 56. Rd5 Rh2 57. Kc5 Rc2+ 58. Kb4
Re2 59. Kb3 Re4 60. Rd3 Bg3 61. Rc3 Kf5 62. Rc4 Be5 63. Rxe4 Kxe4 1/2-1/2

[Event "Ilyumzhinov Cup"]
[Site "Internet"]
[Date "2006.05.06"]
[Round "?"]
[White "Kosteniuk, Alexandra"]
[Black "Lysyj, Igor"]
[Result "1-0"]
[WhiteElo "2540"]
[BlackElo "2527"]
[PlyCount "175"]
[EventDate "2006.05.06"]
[EventType "swiss"]
[EventRounds "13"]
[EventCountry "RUS"]
[SourceTitle "CBM 112 Extra"]
[Source "ChessBase"]
[SourceDate "2006.07.14"]
[SourceVersion "1"]
[SourceVersionDate "2006.07.14"]
[SourceQuality "1"]

1. e4 e6 2. d4 d5 3. Nd2 c5 4. Ngf3 Nc6 5. exd5 exd5 6. Bb5 Bd6 7. dxc5 Bxc5 8.
O-O Nge7 9. Nb3 Bd6 10. h3 O-O 11. c3 Ng6 12. Bg5 Nce7 13. Re1 h6 14. Be3 a6
15. Bd3 Nf5 16. Bxf5 Bxf5 17. Bc5 Be4 18. Rxe4 Bxc5 19. Rg4 Bb6 20. Nbd4 Qd7
21. Qd2 Rfe8 22. Rd1 Re4 23. Nh2 Rae8 24. Rxe4 dxe4 25. Ng4 h5 26. Ne3 Ne5 27.
Ndf5 Qxd2 28. Rxd2 Nd3 29. Kf1 Bc5 30. b4 Bf8 31. Ng3 Nf4 32. Rd4 g6 33. Rxe4
Ne6 34. Nd5 Bg7 35. Ne2 Rd8 36. c4 b5 37. Ne3 Rd2 38. cxb5 Rxa2 39. g4 axb5 40.
gxh5 gxh5 41. Nf4 Nxf4 42. Rxf4 Rb2 43. Nf5 Bf8 44. Ng3 Rxb4 45. Rf5 h4 46.
Rg5+ Kh7 47. Ne2 Rb1+ 48. Kg2 b4 49. Rg4 Bg7 50. Rxh4+ Kg8 51. Rg4 Kf8 52. Nf4
b3 53. Nd3 Rd1 54. Rg3 b2 55. Nxb2 Bxb2 56. Rg4 Bg7 57. h4 Rd6 58. h5 Rh6 59.
Rh4 Bf6 60. Rh3 Ke7 61. Kf3 Ke6 62. Ke4 Be5 63. f4 f5+ 64. Kf3 Bf6 65. Rh1 Kf7
66. Rh3 Rh8 67. Rh1 Rc8 68. h6 Kg6 69. Rg1+ Kxh6 70. Rh1+ Kg6 71. Rg1+ Kf7 72.
Rd1 Rc3+ 73. Kg2 Ke6 74. Re1+ Kd5 75. Rb1 Bd4 76. Rb5+ Ke4 77. Rb4 Rd3 78. Kf1
Kxf4 79. Ke2 Ke4 80. Ke1 f4 81. Ra4 f3 82. Ra2 f2+ 83. Kf1 Rd1+ 84. Kg2 f1=Q+
85. Kg3 Qf3+ 86. Kh4 Rh1+ 87. Kg5 Rh5+ 88. Kg6 1-0

[Event "Ilyumzhinov Cup"]
[Site "Internet"]
[Date "2006.05.06"]
[Round "?"]
[White "Kosteniuk, Alexandra"]
[Black "Nozdrin, Alexander V"]
[Result "1-0"]
[WhiteElo "2540"]
[BlackElo "2323"]
[PlyCount "125"]
[EventDate "2006.05.06"]
[EventType "swiss"]
[EventRounds "13"]
[EventCountry "RUS"]
[SourceTitle "CBM 112 Extra"]
[Source "ChessBase"]
[SourceDate "2006.07.14"]
[SourceVersion "1"]
[SourceVersionDate "2006.07.14"]
[SourceQuality "1"]

1. e4 c5 2. Nf3 d6 3. d4 cxd4 4. Nxd4 Nf6 5. Nc3 a6 6. Bg5 e6 7. f4 Nc6 8. Nxc6
bxc6 9. e5 h6 10. Bh4 g5 11. Bf2 Nd5 12. Nxd5 cxd5 13. exd6 Bxd6 14. f5 Qf6 15.
Bd3 e5 16. O-O Bb7 17. c3 O-O 18. Qh5 Rfe8 19. Rae1 Rad8 20. Bc2 Bf8 21. h4 d4
22. Ba4 Re7 23. cxd4 exd4 24. hxg5 hxg5 25. Rxe7 Qxe7 26. f6 Qxf6 27. Bb3 Bd5
28. Bh4 Qg6 29. Qxg6+ fxg6 30. Bxg5 Rd7 31. Bxd5+ Rxd5 32. Bd2 Bg7 33. Rc1 d3
34. b3 Re5 35. Rc8+ Kh7 36. Rd8 Re4 37. Rxd3 Bd4+ 38. Kh2 Be5+ 39. Kh3 Re2 40.
a4 Kg7 41. a5 Kf6 42. Rf3+ Ke6 43. Bb4 Rb2 44. Re3 Kf5 45. Rxe5+ Kxe5 46. Bc3+
Ke4 47. Bxb2 Kd3 48. Kg4 Kc2 49. Be5 Kxb3 50. Bc7 Kb4 51. Kg5 Kc5 52. Kxg6 Kc6
53. Bb6 Kd5 54. Kf5 Kd6 55. g4 Ke7 56. Kg6 Kf8 57. Kh7 Kf7 58. g5 Ke6 59. g6
Kf5 60. g7 Kf6 61. g8=Q Kf5 62. Qa8 Kf4 63. Qxa6 1-0

[Event "Ilyumzhinov Cup"]
[Site "Internet"]
[Date "2006.05.06"]
[Round "?"]
[White "Zaitsev, Mikhail V"]
[Black "Kosteniuk, Alexandra"]
[Result "1-0"]
[WhiteElo "2396"]
[BlackElo "2540"]
[PlyCount "151"]
[EventDate "2006.05.06"]
[EventType "swiss"]
[EventRounds "13"]
[EventCountry "RUS"]
[SourceTitle "CBM 112 Extra"]
[Source "ChessBase"]
[SourceDate "2006.07.14"]
[SourceVersion "1"]
[SourceVersionDate "2006.07.14"]
[SourceQuality "1"]

1. d4 d5 2. c4 e6 3. Nc3 c6 4. cxd5 exd5 5. Bf4 Nf6 6. Nf3 Be7 7. e3 Bf5 8. Bd3
Bxd3 9. Qxd3 Nbd7 10. O-O O-O 11. Rab1 a5 12. Rfc1 Re8 13. Ne5 Bf8 14. Na4 Nxe5
15. Bxe5 Nd7 16. Bg3 Re6 17. Nc5 Bxc5 18. dxc5 Qe7 19. Bd6 Qh4 20. Qc3 Nf6 21.
f3 Rae8 22. Re1 d4 23. g3 dxc3 24. gxh4 c2 25. Rbc1 Rxe3 26. Rxe3 Rxe3 27. Kf2
Nd5 28. Rxc2 f6 29. Rc4 Re8 30. Ra4 Nb4 31. b3 Nd3+ 32. Kg3 Re2 33. Rxa5 Ne1
34. Ra8+ Kf7 35. Ra7 Kg6 36. Rxb7 Rg2+ 37. Kh3 Rxa2 38. Bf8 Nxf3 39. Rxg7+ Kf5
40. Bd6 Nd4 41. Rxh7 Nxb3 42. h5 Nd4 43. Rg7 Ne6 44. h6 Ng5+ 45. Kg3 Ra3+ 46.
Kg2 Ra8 47. Rc7 Rh8 48. Rxc6 Rxh6 49. Bg3 Rh8 50. Ra6 Ne6 51. c6 Rc8 52. c7 Ng5
53. h4 Ne4 54. Bh2 Kg4 55. Ra4 f5 56. Rb4 Ra8 57. Rb8 Ra2+ 58. Kf1 Ra1+ 59. Ke2
Ra2+ 60. Kd3 Rd2+ 61. Ke3 Rxh2 62. c8=Q Rxh4 63. Qg8+ Kh3 64. Rb3 Rg4 65. Kd4+
Ng3+ 66. Qxg4+ fxg4 67. Ke3 Kh4 68. Kf4 Nh5+ 69. Kf5 g3 70. Rb4+ Kh3 71. Kg5 g2
72. Rb1 g1=Q+ 73. Rxg1 Ng3 74. Rc1 Kh2 75. Rc3 Kh3 76. Rc2 1-0

[Event "Olympiad Women-37"]
[Site "Turin"]
[Date "2006.05.22"]
[Round "2"]
[White "Aketayeva, Dana"]
[Black "Kosteniuk, Alexandra"]
[Result "1/2-1/2"]
[WhiteElo "2328"]
[BlackElo "2540"]
[PlyCount "49"]
[EventDate "2006.05.21"]
[EventType "team-swiss"]
[EventRounds "13"]
[EventCountry "ITA"]
[SourceTitle "CBM 112 Extra"]
[Source "ChessBase"]
[SourceDate "2006.07.14"]
[SourceVersion "1"]
[SourceVersionDate "2006.07.14"]
[SourceQuality "1"]
[WhiteTeam "Kazakhstan (W)"]
[BlackTeam "Russia (W)"]
[WhiteTeamCountry "KAZ"]
[BlackTeamCountry "RUS"]

1. Nf3 Nf6 2. c4 e6 3. Nc3 Bb4 4. Qc2 O-O 5. e3 d5 6. a3 Bxc3 7. Qxc3 Re8 8. b4
Nbd7 9. d4 b6 10. Bb2 Bb7 11. c5 Ne4 12. Qc2 c6 13. Bd3 f5 14. O-O bxc5 15.
bxc5 Qa5 16. Qe2 Rf8 17. Rfd1 Rae8 18. Rab1 Bc8 19. Qe1 Qc7 20. Bc3 Qd8 21. Ba1
Rf6 22. Rb4 Rh6 23. Ra4 a6 24. Qa5 Qe7 25. Qc7 1/2-1/2

[Event "Olympiad Women-37"]
[Site "Turin"]
[Date "2006.05.23"]
[Round "3"]
[White "Kosteniuk, Alexandra"]
[Black "Rajlich, Iweta"]
[Result "1-0"]
[WhiteElo "2540"]
[BlackElo "2439"]
[PlyCount "145"]
[EventDate "2006.05.21"]
[EventType "team-swiss"]
[EventRounds "13"]
[EventCountry "ITA"]
[SourceTitle "CBM 112 Extra"]
[Source "ChessBase"]
[SourceDate "2006.07.14"]
[SourceVersion "1"]
[SourceVersionDate "2006.07.14"]
[SourceQuality "1"]
[WhiteTeam "Russia (W)"]
[BlackTeam "Poland (W)"]
[WhiteTeamCountry "RUS"]
[BlackTeamCountry "POL"]

1. e4 e6 2. d4 d5 3. Nc3 Bb4 4. a3 Bxc3+ 5. bxc3 dxe4 6. Qg4 Nf6 7. Qxg7 Rg8 8.
Qh6 Rg6 9. Qe3 Nc6 10. Bb2 b5 11. Nh3 Bb7 12. Bxb5 Qd6 13. c4 O-O-O 14. O-O-O
Ng4 15. Qxe4 a6 16. d5 Ne7 17. Bc6 Nxc6 18. dxc6 Bxc6 19. Rxd6 Bxe4 20. Rxd8+
Kxd8 21. f3 Ne3 22. fxe4 Rxg2 23. Bd4 Nxc4 24. Bc5 Kd7 25. Nf4 Rg4 26. Rf1 Kc6
27. Nd3 Rxe4 28. Rxf7 Rh4 29. Rf2 e5 30. Bf8 a5 31. Nb2 Nb6 32. Nd3 Nc4 33. Nb2
Nb6 34. Bg7 Kd5 35. Rd2+ Ke6 36. Re2 e4 37. Bc3 Nd5 38. Bxa5 Ke5 39. c4 Nb6 40.
Bc3+ Kf5 41. Be1 Rh6 42. Rf2+ Ke6 43. a4 Rh5 44. Re2 Kd7 45. a5 Nc8 46. h4 Re5
47. Nd3 Rf5 48. Rxe4 Nd6 49. Rf4 Rxf4 50. Nxf4 Nxc4 51. Nd5 Kc6 52. Nf6 h6 53.
Ng4 h5 54. Nf6 Ne5 55. Nxh5 Nf3 56. Kd1 Kb5 57. Nf6 Nxh4 58. Bxh4 Kxa5 59. Kc2
Kb4 60. Bf2 Kc4 61. Ne4 c5 62. Bxc5 Kd5 63. Kd3 Ke5 64. Bd6+ Kd5 65. Bf4 Ke6
66. Nc3 Kf5 67. Ke3 Ke6 68. Ke4 Kf6 69. Nd5+ Ke6 70. Be5 Kd7 71. Nb4 Ke6 72.
Nc6 Kd7 73. Kd5 1-0

[Event "Olympiad Women-37"]
[Site "Turin"]
[Date "2006.05.25"]
[Round "5"]
[White "Zhukova, Natalia"]
[Black "Kosteniuk, Alexandra"]
[Result "1-0"]
[WhiteElo "2425"]
[BlackElo "2540"]
[PlyCount "177"]
[EventDate "2006.05.21"]
[EventType "team-swiss"]
[EventRounds "13"]
[EventCountry "ITA"]
[SourceTitle "CBM 112 Extra"]
[Source "ChessBase"]
[SourceDate "2006.07.14"]
[SourceVersion "1"]
[SourceVersionDate "2006.07.14"]
[SourceQuality "1"]
[WhiteTeam "Ukraine (W)"]
[BlackTeam "Russia (W)"]
[WhiteTeamCountry "UKR"]
[BlackTeamCountry "RUS"]

1. d4 d5 2. c4 e6 3. Nf3 Nf6 4. Bg5 Bb4+ 5. Nc3 O-O 6. e3 c5 7. cxd5 exd5 8.
Bd3 c4 9. Bc2 Nbd7 10. O-O Qa5 11. Ne2 Ne4 12. Bf4 Re8 13. a3 Bf8 14. Bxe4 dxe4
15. Nd2 Nb6 16. Nc3 Bf5 17. Bc7 Qa6 18. f3 exf3 19. Qxf3 Bg6 20. e4 Rac8 21.
Bg3 Na4 22. Nd5 Qa5 23. b4 Qd8 24. e5 Kh8 25. Bf2 c3 26. Nb3 b6 27. Rac1 c2 28.
Nd2 a5 29. Qb3 axb4 30. axb4 b5 31. Nf4 Bf5 32. Qxf7 Bxb4 33. Nf3 Rf8 34. Qb3
Rc4 35. Nh4 Nc3 36. Kh1 Qa8 37. Nxf5 Rxf5 38. Nd3 Ne4 39. Rxc2 Nd2 40. Rxd2
Bxd2 41. Rd1 Bb4 42. Bg3 Be7 43. h3 Rxd4 44. Qxb5 h5 45. Kh2 h4 46. Bf2 Rxd3
47. Qxd3 Rxf2 48. Qg6 Qf3 49. Rd4 Qf7 50. Qc6 Bg5 51. Rg4 Rd2 52. Qa8+ Rd8 53.
Qe4 Be7 54. Rxh4+ Kg8 55. Qh7+ Kf8 56. Qh8+ Qg8 57. Rf4+ Bf6 58. Qxg8+ Kxg8 59.
exf6 gxf6 60. Rxf6 Rd3 61. h4 Kg7 62. Rf4 Kg6 63. g3 Kh5 64. Kh3 Ra3 65. Rf5+
Kg6 66. Rc5 Ra4 67. h5+ Kh6 68. g4 Ra1 69. Rc6+ Kh7 70. Kh4 Ra5 71. Rc7+ Kh8
72. h6 Ra6 73. Kh5 Rb6 74. g5 Rb5 75. Re7 Ra5 76. Kg4 Ra1 77. Kf5 Rf1+ 78. Kg6
Rf8 79. Kh5 Rf5 80. Kg4 Rf1 81. g6 Rg1+ 82. Kf5 Rf1+ 83. Ke6 Re1+ 84. Kd7 Rd1+
85. Ke8 Kg8 86. Rg7+ Kh8 87. Rh7+ Kg8 88. Rg7+ Kh8 89. Rf7 1-0

[Event "Olympiad Women-37"]
[Site "Turin"]
[Date "2006.05.27"]
[Round "6"]
[White "Kosteniuk, Alexandra"]
[Black "Hoang, Thanh Trang"]
[Result "1/2-1/2"]
[WhiteElo "2540"]
[BlackElo "2487"]
[PlyCount "45"]
[EventDate "2006.05.21"]
[EventType "team-swiss"]
[EventRounds "13"]
[EventCountry "ITA"]
[SourceTitle "CBM 112 Extra"]
[Source "ChessBase"]
[SourceDate "2006.07.14"]
[SourceVersion "1"]
[SourceVersionDate "2006.07.14"]
[SourceQuality "1"]
[WhiteTeam "Russia (W)"]
[BlackTeam "Hungary (W)"]
[WhiteTeamCountry "RUS"]
[BlackTeamCountry "HUN"]

1. e4 e6 2. d4 d5 3. Nc3 Nf6 4. Bg5 dxe4 5. Nxe4 Nbd7 6. Nf3 h6 7. Nxf6+ Nxf6
8. Be3 a6 9. Bd3 b6 10. Qe2 Bb7 11. O-O-O Nd5 12. c4 Nxe3 13. fxe3 Be7 14. h4
c5 15. d5 exd5 16. cxd5 Qc7 17. Bf5 Rd8 18. e4 O-O 19. Kb1 Rfe8 20. Qf2 Bd6 21.
h5 Bg3 22. Qc2 b5 23. Rhf1 1/2-1/2

[Event "Olympiad Women-37"]
[Site "Turin"]
[Date "2006.05.28"]
[Round "7"]
[White "Repkova, Eva"]
[Black "Kosteniuk, Alexandra"]
[Result "0-1"]
[WhiteElo "2346"]
[BlackElo "2540"]
[PlyCount "159"]
[EventDate "2006.05.21"]
[EventType "team-swiss"]
[EventRounds "13"]
[EventCountry "ITA"]
[SourceTitle "CBM 112 Extra"]
[Source "ChessBase"]
[SourceDate "2006.07.14"]
[SourceVersion "1"]
[SourceVersionDate "2006.07.14"]
[SourceQuality "1"]
[WhiteTeam "Slovakia (W)"]
[BlackTeam "Russia (W)"]
[WhiteTeamCountry "SVK"]
[BlackTeamCountry "RUS"]

1. e4 c5 2. Nf3 d6 3. d4 cxd4 4. Nxd4 Nf6 5. Nc3 a6 6. g3 e5 7. Nf3 Nbd7 8. Bg2
Nc5 9. O-O Be7 10. Re1 Bg4 11. h3 Bd7 12. Bg5 Bc6 13. Nh4 g6 14. Bh6 Nfd7 15.
a4 a5 16. Qd2 Ne6 17. Nf3 g5 18. Nd5 Rg8 19. h4 f6 20. hxg5 fxg5 21. Nh2 Rg6
22. Ng4 Nd4 23. Qd1 Bxd5 24. exd5 Qb6 25. Be4 O-O-O 26. c3 Nb3 27. Ra3 Ndc5 28.
Bc2 Bf8 29. Bxf8 Rxf8 30. Bxb3 h5 31. Ne3 Rgf6 32. Nc4 Qc7 33. Re2 h4 34. Bc2
hxg3 35. fxg3 Nd7 36. Ne3 Rf3 37. Kg2 g4 38. Nxg4 Nb6 39. Be4 Qf7 40. c4 Rf1
41. Re1 Rf2+ 42. Kg1 Kb8 43. Bg6 Qxg6 44. Nxf2 Nxc4 45. Rf3 Rc8 46. Qd3 Qh6 47.
Ng4 Qh3 48. b3 Nb6 49. Qg6 Ka7 50. Nf2 Qd7 51. Rf7 Qd8 52. Qg7 Rb8 53. Rd1 Qc8
54. Rc7 Qf5 55. Qg4 Qf6 56. Ne4 Qf8 57. Rf1 Qd8 58. Nf2 Qxc7 59. Qe6 Qc5 60.
Kg2 Nxd5 61. Ng4 Qc6 62. Kg1 Re8 63. Qf7 e4 64. Rd1 Nc3 65. Re1 d5 66. Nf6 Rd8
67. Qe7 Qd6 68. Qg7 Qe5 69. Rf1 e3 70. Nh5 Ne2+ 71. Kg2 Qxh5 72. Qc7 Qg5 73.
Qxa5+ Kb8 74. Rf3 Rc8 75. Qb6 d4 76. Qd6+ Ka8 77. b4 Qd8 78. Qg6 Qd5 79. Qf6 d3
80. a5 0-1

[Event "RUS-ch 1st League 59th"]
[Site "Tomsk"]
[Date "2006.09.03"]
[Round "1"]
[White "Timofeev, Artyom"]
[Black "Kosteniuk, Alexandra"]
[Result "1/2-1/2"]
[WhiteElo "2657"]
[BlackElo "2534"]
[PlyCount "91"]
[EventDate "2006.09.03"]
[EventType "swiss"]
[EventRounds "9"]
[EventCountry "RUS"]
[SourceTitle "CBM 114 Extra"]
[Source "ChessBase"]
[SourceDate "2006.11.03"]
[SourceVersion "1"]
[SourceVersionDate "2006.11.03"]
[SourceQuality "1"]

1. e4 e5 2. Nf3 Nf6 3. Nxe5 d6 4. Nf3 Nxe4 5. d4 d5 6. Bd3 Bd6 7. O-O O-O 8. c4
c6 9. Qc2 Na6 10. a3 Bg4 11. Ne5 Bxe5 12. dxe5 Nac5 13. f3 Nxd3 14. Qxd3 Nc5
15. Qd4 Nb3 16. Qxg4 Nxa1 17. Bh6 g6 18. Nc3 Qb6+ 19. Rf2 Rfe8 20. Qf4 Qc7 21.
Re2 Re6 22. Bg5 f5 23. Kf1 d4 24. Qxd4 Nb3 25. Qd1 Nc5 26. b4 Nd7 27. f4 Nf8
28. Rd2 Qg7 29. Na4 h6 30. Bf6 Qf7 31. Nc5 Ree8 32. Rd4 b6 33. Nd7 Ne6 34. Rd6
Nxf4 35. Qc1 Re6 36. Qxf4 Rxd6 37. exd6 Qxd7 38. Qxh6 Kf7 39. Bd4 Qxd6 40. Qg7+
Ke8 41. Qg8+ Kd7 42. Qxa8 Qxd4 43. Qb7+ Kd6 44. Qb8+ Kd7 45. Qb7+ Kd6 46. Qb8+
1/2-1/2

[Event "RUS-ch 1st League 59th"]
[Site "Tomsk"]
[Date "2006.09.05"]
[Round "3"]
[White "Andreikin, Dmitry"]
[Black "Kosteniuk, Alexandra"]
[Result "1-0"]
[WhiteElo "2503"]
[BlackElo "2534"]
[PlyCount "59"]
[EventDate "2006.09.03"]
[EventType "swiss"]
[EventRounds "9"]
[EventCountry "RUS"]
[SourceTitle "CBM 114 Extra"]
[Source "ChessBase"]
[SourceDate "2006.11.03"]
[SourceVersion "1"]
[SourceVersionDate "2006.11.03"]
[SourceQuality "1"]

1. e4 c5 2. Nc3 Nc6 3. Nge2 d6 4. d4 cxd4 5. Nxd4 Nf6 6. h3 a6 7. g4 e6 8. g5
Nd7 9. h4 Nde5 10. Be3 b5 11. Nxc6 Nxc6 12. Qd2 Bb7 13. f4 Qc7 14. Qf2 Nb8 15.
a3 Nd7 16. f5 Ne5 17. fxe6 fxe6 18. Bh3 Qf7 19. Qg3 Rc8 20. Rf1 Qe7 21. Bd4 Nc6
22. Bg1 b4 23. axb4 Nxb4 24. O-O-O Rc4 25. g6 Qd7 26. gxh7 Bxe4 27. Nxe4 Qa4
28. Rxf8+ Rxf8 29. Nxd6+ Ke7 30. Qxg7+ 1-0

[Event "RUS-ch 1st League 59th"]
[Site "Tomsk"]
[Date "2006.09.06"]
[Round "4"]
[White "Kosteniuk, Alexandra"]
[Black "Sitnikov, Dmitrij"]
[Result "1-0"]
[WhiteElo "2534"]
[BlackElo "2430"]
[PlyCount "81"]
[EventDate "2006.09.03"]
[EventType "swiss"]
[EventRounds "9"]
[EventCountry "RUS"]
[SourceTitle "CBM 114 Extra"]
[Source "ChessBase"]
[SourceDate "2006.11.03"]
[SourceVersion "1"]
[SourceVersionDate "2006.11.03"]
[SourceQuality "1"]

1. e4 c5 2. Nf3 Nc6 3. Bb5 g6 4. Bxc6 dxc6 5. d3 Bg7 6. h3 Nh6 7. Nc3 b6 8. Be3
f6 9. Qd2 Nf7 10. Ne2 e5 11. Nh2 f5 12. exf5 gxf5 13. f4 exf4 14. Nxf4 Bxb2 15.
Rb1 Qf6 16. O-O Bd7 17. Nh5 Qc3 18. Rxb2 Qxb2 19. Bg5 Nxg5 20. Qxg5 Qd4+ 21.
Kh1 Kf7 22. Ng4 h6 23. Nxh6+ Rxh6 24. Qxh6 Rh8 25. Qg5 Rg8 26. Qd2 c4 27. Rf4
c3 28. Qe1 Qd6 29. Qf2 Qg6 30. Rd4 Be6 31. Nf4 Qg3 32. Qe2 Bd5 33. Nxd5 cxd5
34. Rxd5 Kf6 35. Rd4 Rg7 36. Rd8 Rg8 37. Rd5 Qf4 38. Qe1 Kg5 39. Qe7+ Kh6 40.
Rd6+ Rg6 41. Qf8+ 1-0

[Event "RUS-ch 1st League 59th"]
[Site "Tomsk"]
[Date "2006.09.07"]
[Round "5"]
[White "Alavkin, Arseny Nailievich"]
[Black "Kosteniuk, Alexandra"]
[Result "1/2-1/2"]
[WhiteElo "2492"]
[BlackElo "2534"]
[PlyCount "36"]
[EventDate "2006.09.03"]
[EventType "swiss"]
[EventRounds "9"]
[EventCountry "RUS"]
[SourceTitle "CBM 114 Extra"]
[Source "ChessBase"]
[SourceDate "2006.11.03"]
[SourceVersion "1"]
[SourceVersionDate "2006.11.03"]
[SourceQuality "1"]

1. e4 c5 2. Nf3 Nc6 3. Bb5 d6 4. O-O Bd7 5. Re1 Nf6 6. c3 a6 7. Bf1 Bg4 8. d3
e6 9. Nbd2 Nd7 10. Nc4 Be7 11. Bf4 Nde5 12. Bxe5 Nxe5 13. Ncxe5 dxe5 14. Be2
Bxf3 15. Bxf3 O-O 16. Qb3 Qc7 17. a4 Rfd8 18. Red1 Rab8 1/2-1/2

[Event "RUS-ch 1st League 59th"]
[Site "Tomsk"]
[Date "2006.09.08"]
[Round "6"]
[White "Kosteniuk, Alexandra"]
[Black "Nechepurenko, Roman V"]
[Result "0-1"]
[WhiteElo "2534"]
[BlackElo "2463"]
[PlyCount "78"]
[EventDate "2006.09.03"]
[EventType "swiss"]
[EventRounds "9"]
[EventCountry "RUS"]
[SourceTitle "CBM 114 Extra"]
[Source "ChessBase"]
[SourceDate "2006.11.03"]
[SourceVersion "1"]
[SourceVersionDate "2006.11.03"]
[SourceQuality "1"]

1. e4 c5 2. Nf3 d6 3. d4 cxd4 4. Nxd4 Nf6 5. Nc3 a6 6. Bg5 e6 7. f4 Qb6 8. Qd2
Nc6 9. Bxf6 gxf6 10. Nb3 Bd7 11. O-O-O Rg8 12. Na4 Qa7 13. Nac5 Bc8 14. Nd3 Bd7
15. Kb1 O-O-O 16. g3 h5 17. Be2 h4 18. g4 Kb8 19. Bf3 Be7 20. Qe1 Rh8 21. c4 a5
22. h3 a4 23. Nd2 a3 24. Nb3 Rc8 25. Rh2 Rc7 26. Rc2 axb2 27. Rxb2 Rhc8 28.
Qxh4 f5 29. Qf2 fxe4 30. Bxe4 Bf6 31. Qxa7+ Nxa7 32. Ne5 dxe5 33. Nc5 Bb5 34.
Nxb7 exf4 35. Rb3 Bxc4 36. Nc5+ Nb5 37. Nd7+ Ka7 38. Rxb5 Bxb5 39. Nxf6 Be2 0-1

[Event "RUS-ch 1st League 59th"]
[Site "Tomsk"]
[Date "2006.09.09"]
[Round "7"]
[White "Kabanov, Nikolai"]
[Black "Kosteniuk, Alexandra"]
[Result "1-0"]
[WhiteElo "2514"]
[BlackElo "2534"]
[PlyCount "163"]
[EventDate "2006.09.03"]
[EventType "swiss"]
[EventRounds "9"]
[EventCountry "RUS"]
[SourceTitle "CBM 114 Extra"]
[Source "ChessBase"]
[SourceDate "2006.11.03"]
[SourceVersion "1"]
[SourceVersionDate "2006.11.03"]
[SourceQuality "1"]

1. b3 d5 2. Bb2 c6 3. e3 Nf6 4. Be2 Nbd7 5. f4 g6 6. Nf3 Bg7 7. c4 O-O 8. O-O
b6 9. Qe1 Nc5 10. Ne5 Qc7 11. Nc3 Bb7 12. Rc1 Nce4 13. cxd5 Nxc3 14. Bxc3 Nxd5
15. Ba1 c5 16. Bc4 Qd6 17. Qg3 Nf6 18. d3 a6 19. b4 cxb4 20. e4 e6 21. Qh4 Nd7
22. Qg3 b5 23. Bb3 Nc5 24. Bc2 f6 25. Ng4 Na4 26. Bb3 Kh8 27. e5 fxe5 28. Bxe5
Qb6+ 29. Kh1 Nc3 30. Rce1 Rae8 31. Qh4 Bxe5 32. fxe5 Qc6 33. Rf2 Rf4 34. Qg3
Ref8 35. Nf6 Rxf2 36. Qxf2 a5 37. d4 a4 38. Bc2 b3 39. axb3 a3 40. Rg1 a2 41.
Ra1 b4 42. h3 Rf7 43. Kh2 Qb5 44. Qd2 Qe2 45. Qxe2 Nxe2 46. Rxa2 Nxd4 47. Be4
Bxe4 48. Nxe4 Nc6 49. Ng5 Re7 50. Nf3 Ra7 51. Rxa7 Nxa7 52. Nd4 Kg8 53. Kg3 Kf7
54. Kf4 h6 55. Ke4 g5 56. g4 Ke7 57. Kd3 Kd7 58. Kc4 Nc8 59. Kxb4 Ne7 60. Kc5
Ng6 61. b4 Nxe5 62. b5 Nd3+ 63. Kb6 Kd6 64. Ne2 e5 65. Nc3 Nc5 66. Ka7 e4 67.
b6 Ke5 68. Na4 Nd7 69. b7 Kd4 70. Nb6 Ne5 71. Ka8 Nc6 72. Nc8 e3 73. Na7 Nb8
74. Kxb8 e2 75. Kc7 e1=Q 76. b8=Q Qg3+ 77. Kd7 Qxh3 78. Qb4+ Kd5 79. Nc6 Qe3
80. Ne7+ Ke5 81. Qd6+ Ke4 82. Qe6+ 1-0

[Event "RUS-ch 1st League 59th"]
[Site "Tomsk"]
[Date "2006.09.10"]
[Round "8"]
[White "Shabanov, Yuri"]
[Black "Kosteniuk, Alexandra"]
[Result "1-0"]
[WhiteElo "2443"]
[BlackElo "2534"]
[PlyCount "77"]
[EventDate "2006.09.03"]
[EventType "swiss"]
[EventRounds "9"]
[EventCountry "RUS"]
[SourceTitle "CBM 114 Extra"]
[Source "ChessBase"]
[SourceDate "2006.11.03"]
[SourceVersion "1"]
[SourceVersionDate "2006.11.03"]
[SourceQuality "1"]

1. e4 c5 2. Nf3 Nc6 3. Bb5 d6 4. c3 Qb6 5. Qe2 e5 6. O-O Bg4 7. Na3 a6 8. Ba4
Nge7 9. d3 Ng6 10. h3 Bd7 11. Nc2 Be7 12. b4 O-O 13. Be3 Qc7 14. Bb3 Kh8 15.
Bd5 f5 16. exf5 Bxf5 17. bxc5 dxc5 18. Be4 Rad8 19. Rfd1 b5 20. Ng5 Nf4 21.
Bxf4 exf4 22. Bxf5 Bxg5 23. Be4 Ne5 24. Qh5 Bh6 25. d4 Nd7 26. Bf3 Qa5 27. dxc5
Qxc3 28. c6 Nf6 29. Rxd8 Rxd8 30. Qf5 g6 31. Qe6 Bg7 32. Rd1 Re8 33. Qb3 Qc5
34. Nb4 a5 35. Nd3 Qf5 36. c7 Qc8 37. Ne5 Bf8 38. Qf7 Bg7 39. Bg4 1-0